
Library Catalogue

| 000 -LEADER | |
|---|---|
| fixed length control field | 01127nam a2200217Ia 4500 |
| 003 - CONTROL NUMBER IDENTIFIER | |
| control field | OSt |
| 005 - DATE AND TIME OF LATEST TRANSACTION | |
| control field | 20210929170916.0 |
| 008 - FIXED-LENGTH DATA ELEMENTS--GENERAL INFORMATION | |
| fixed length control field | 160316s2003 xxu||||| |||| 00| 0 eng d |
| 020 ## - INTERNATIONAL STANDARD BOOK NUMBER | |
| International Standard Book Number | 9780421792807 |
| 040 ## - CATALOGING SOURCE | |
| Transcribing agency | n |
| 082 ## - DEWEY DECIMAL CLASSIFICATION NUMBER | |
| Classification number | 345.041680 |
| Item number | PIN |
| 100 ## - MAIN ENTRY--PERSONAL NAME | |
| Personal name | Pinto Amanda |
| 245 ## - TITLE STATEMENT | |
| Title | Corporate criminal liability |
| 260 ## - PUBLICATION, DISTRIBUTION, ETC. | |
| Place of publication, distribution, etc. | London |
| Name of publisher, distributor, etc. | Sweet & Maxwell |
| Date of publication, distribution, etc. | 2003 |
| 300 ## - PHYSICAL DESCRIPTION | |
| Extent | 391p |
| Dimensions | xliii |
| 365 ## - TRADE PRICE | |
| Price amount | Rs.8,860 |
| 505 ## - FORMATTED CONTENTS NOTE | |
| Formatted contents note | Table of contents<br/>Historical background to corporate criminal liability;<br/>Early development of corporate criminal liability;<br/>Personal and vicarious liability of corporations;<br/>The doctrine of identification;<br/>The principle of delegation;<br/>Directors' liability;<br/>Jurisdiction over corporations;<br/>Territorial jurisdiction;<br/>Proceedings in criminal courts;<br/>Categories of offence;<br/>Corporations and human rights;<br/>Sentence;<br/>Costs;<br/>Corporate manslaughter;<br/>Financial offences;<br/>Regulatory offences;<br/>Appendices. |
| 650 ## - SUBJECT ADDED ENTRY--TOPICAL TERM | |
| Topical term or geographic name entry element | 1. Corporate Crime2. Corporations - Criminal Liability - Law & Legislations - U K3. Corporate Liabilities - Crimes - U K |
| 700 ## - ADDED ENTRY--PERSONAL NAME | |
| Personal name | Evans Martin |
| -- | |
| 942 ## - ADDED ENTRY ELEMENTS (KOHA) | |
| Source of classification or shelving scheme | Dewey Decimal Classification |
| Koha item type | BOOKs |
| Withdrawn status | Lost status | Damaged status | Not for loan | Home library | Current library | Shelving location | Date acquired | Cost, normal purchase price | Total Checkouts | Total Renewals | Full call number | Barcode | Date last seen | Date last checked out | Price effective from | Koha item type |
|---|---|---|---|---|---|---|---|---|---|---|---|---|---|---|---|---|
| . | . | 30.05.2017 | 8860.00 | 3 | 8 | 345.04168 PIN | 19546 | 11.11.2024 | 04.11.2024 | 30.05.2017 | BOOKs |